000 01819cam a22003734a 4500
999 _c332567
_d332567
001 14208197
003 NUST
005 20171213142630.0
008 051222s2006 enkab b 001 0 eng
010 _a 2005036769
020 _a184407319X (hardback)
020 _a9781844073191
035 _a(OCoLC)ocm71187926
040 _aDLC
_cDLC
_dYDX
_dBAKER
_dIXA
_dAGL
_dDLC
042 _apcc
050 0 0 _aHC800.Z9
_bE594 2006
070 0 _aHC800.Z9
_bE594 2006
082 0 0 _a658.404 PER
_222
245 0 0 _aWater governance for sustainable development /
_cEdited by Sylvain Perret, Stefano Farolfi and Rashid Hassan.
260 _aLondon ;
_aSterling, VA :
_bEarthscan,
_c2007.
300 _axxiv, 295p. :
_bill., maps ;
_c24 cm.
500 _a"The idea of the present book originated during the international workshop on Water Resource Management for Local Development: Governance, Institutions and Policies (WRM2004, Loskop Dam, South Africa, 8-11 November 2004)"--Acknowledgements.
501 _aH.B
504 _aIncludes bibliographical references and index.
650 0 _aSustainable development
_zAfrica.
_97223
650 0 _aWater-supply
_zAfrica
_xManagement.
_97224
650 0 _aWater quality management
_zAfrica.
_97225
650 0 _aWater resources development
_zAfrica.
_97226
700 1 _aPerret, S.
_q(Sylvain)
_97227
700 1 _aFarolfi, Stefano.
_97228
700 1 _aHassan, Rashid M.
_97229
856 4 1 _3Table of contents only
_uhttp://www.loc.gov/catdir/toc/ecip065/2005036769.html
906 _a7
_bcbc
_corignew
_d1
_eecip
_f20
_gy-gencatlg
942 _2ddc
_cBK
_kIESE